000 00784nam a22002057a 4500
999 _c4193
_d4193
003 AR-CdUCM
008 190308b ||||| |||| 00| 0 spa d
040 _aMUNICIPALIDAD PROVINCIAL DEL CUSCO
_cBIBLIOTECA MUNICIPAL DEL CUSCO
082 _a396.09 /
_bG85
100 _aGuardia, Sara Beatriz
_913286
245 _aMujeres peruanas :
_bEl otro lado de la historia /
260 _aLima :
_bHumboldt,
_c1985.
300 _a171 paginas ;
_c20 cm.
505 _aContenido :La mujer en el Perú precolombino -- La mujer en la lucha anticolonial -- Años de transición -- Educación femenina ...
650 _aLa mujer en el Perú
_913287
650 _aLa mujer en la historia del Perú
_913288
650 _aEstudio sobre la mujer peruana
_913289
942 _2ddc
_cLIBROS
945 _arah